Normal view
MARC view
- Hadi, Ali S
Entry Personal Name
001 - CONTROL NUMBER
- control field: 114199
003 - CONTROL NUMBER IDENTIFIER
- control field: NUST
005 - DATE AND TIME OF LATEST TRANSACTION
- control field: 20230819095856.0
008 - FIXED-LENGTH DATA ELEMENTS
- fixed length control field: 230819|| aca||aabn | a|a d
040 ## - CATALOGING SOURCE
- Original cataloging agency: NUST
- Transcribing agency: NUST
100 ## - HEADING--PERSONAL NAME
- Personal name: Hadi, Ali S
670 ## - SOURCE DATA FOUND
- Source citation: Work cat.: (NUST)181409: Chatterjee, Samprit, 114197, Sensitivity analysis in linear regression /, c1988.
